To Correct the Naval Record of Frank Mackin (H.R. 3534).

Bibliographic Details
Corporate Authors: United States. Congress. House. Committee on Naval Affairs, ProQuest (Firm)
Format: eBook
Language:English
Published: [Place of publication not identified] : [publisher not identified], 1927-1928.
Series:U.S. Congressional Research.
Subjects:
Online Access:Connect to the full text of this electronic book

MARC

Tag First Indicator Second Indicator Subfields
LEADER 00000cam a22000001a 4500
001 in00003317513
006 m d f
007 cr bn mmmapmmp
008 100410m19271928dcu o f000 0 eng d
005 20260430224754.7
035 |a cis2007825364 
040 |a LexisNexis  |c LexisNexis  |d UtOrBLW 
043 |a n-us--- 
099 |a CMP-1928-NAH-0023 
110 1 |a United States.  |b Congress.  |b House.  |b Committee on Naval Affairs. 
245 1 0 |a To Correct the Naval Record of Frank Mackin (H.R. 3534). 
264 1 |a [Place of publication not identified] :  |b [publisher not identified],  |c 1927-1928. 
300 |a 1 online resource. 
336 |a text  |b txt  |2 rdacontent 
337 |a computer  |b c  |2 rdamedia 
338 |a online resource  |b cr  |2 rdacarrier 
500 |a Record is based on bibliographic data in LexisNexis U.S. Congressional Research Digital Collection (last viewed Apr. 2010). Reuse except for individual research requires license from LexisNexis. 
500 |a Print. 
500 |a Electronic resource. 
650 0 |a Military deserters. 
650 0 |a Navies. 
655 7 |a Electronic books.  |2 local 
710 2 |a ProQuest (Firm) 
776 0 8 |i Microfiche version:   |a United States. Congress. House. Committee on Naval Affairs.  |t To Correct the Naval Record of Frank Mackin (H.R. 3534).  |o H509-0.126 
830 0 |a U.S. Congressional Research. 
856 4 0 |u http://proxy.library.tamu.edu/login?url=https://congressional.proquest.com/congcomp/getdoc?CRDC-ID=CMP-1928-NAH-0023  |z Connect to the full text of this electronic book  |t 0 
999 |a MARS 
999 f f |s c456456e-90b0-3a03-bec9-5f05278150da  |i d4230730-9b71-3b96-b69d-db2d03ea1933  |t 0 
952 f f |a Texas A&M University  |b College Station  |c Electronic Resources  |s www_evans  |d Available Online  |t 0  |e CMP-1928-NAH-0023  |h Other scheme 
998 f f |a CMP-1928-NAH-0023  |t 0  |l Available Online